Patronato asesor de 'Hogares Mundet'
Publicado:
San Jorge, núm. 96 - 97 (juliol 1976), pàg. 76 :
Materias:
Llars Mundet
MARC
| LEADER | 00000nam a2200000Ia 4500 | ||
|---|---|---|---|
| 001 | |||
| 008 | 160829s9999 xx 000 0 cat d | ||
| 245 | |a Patronato asesor de 'Hogares Mundet' | ||
| 260 | |a San Jorge, núm. 96 - 97 (juliol 1976), pàg. 76 | ||
| 610 | 0 | |a Llars Mundet |9 3004 | |
| 901 | |a Arxiu | ||
| 942 | |n 1 | ||
| 952 | |0 0 |1 0 |4 0 |7 1 |9 51420 |a Arxiu |b Arxiu |d 2016-12-01 |l 0 |r 2016-12-01 00:00:00 |w 2016-12-01 |y ARXIU | ||
| 999 | |c 55264 |d 55264 | ||